000 00263nam a22001097a 4500
008 240611b |||||||| |||| 00| 0 eng d
100 _aBanerjee, Shanadindu
_915291
245 _aKaun Kabhi Kalidas
260 _bAnand Pub.
_c1968.
300 _a136p.
942 _cBK
999 _c39543
_d39543